000 00239nam a22000857a 4500
008 160907b xxu||||| |||| 00| 0 eng d
100 _9319
_aSinghal A
245 _aHow to become a Human Calculator
260 _aNew Delhi
_bS.Chand publication
_c2012
999 _c2979
_d2979